01535nab a22003017a 4500999001500000003000400015005001700019008004100036040000700077100002900084245005500113260007300168300001500241500003800256505041800294505008200712650002300794650002600817650003300843650004600876650002800922650003200950650001900982650002801001650003101029773016001060942001301220 c5627d5627OSt20251222235605.0190429b xxu||||| |||| 00| 0 spa d cPJ 96601aBumbaca, Agustina 10aViolencia de género en red /cAgustina Bumbaca.  cCiudad Autónoma de Buenos Aires :aThomson Reuters La Ley, b2025. ap. 159-167 aCita: TR LALEY AR/DOC/2848/2025.  aSumario: I. Introducción.— II. Cambio de era, pero no de problemática. Una nueva modalidad de violencia de género.— III. Un conflicto con rasgos universales. Evolución histórica y marco normativo.— IV. Violencia de género digital y su reconocimiento a partir de la "Ley Olimpia".— V. Modalidades de violencia de género digital.— VI. Reflexiones finales.— VII. Bibliografía consultada.  tSi te interesa el texto completo, solicitalo a koha@justierradelfuego.gov.ar  09343aDERECHO PENAL 09614aDERECHOS HUMANOS 092724aDERECHO A LA INTIMIDAD 092902aDELITOS CONTRA LA INTEGRIDAD SEXUAL 096528aVIOLENCIA DIGITAL 093053aVIOLENCIA DE GÉNERO 094857aGROOMING 093056aTRATA DE PERSONAS 091237aIGUALDAD ANTE LA LEY0 0265893164tRevista de derecho penal y criminología. Nº 11 - Diciembre 2025dCiudad Autónoma de Buenos Aires : Thomson Reuters La Ley, 2017-x00347914 2udccANA